000
00293nam a2200097Ia 4500
008
220204s9999 xx 000 0 und d
082
_a
NR:338.4:657.4
_b
FOR;2
245
0
_a
Formulation of farm accounting : Guidelines on rubber plantation industry
260
_a
Calcutta
_b
ICWAI
_c
1999
942
_c
BK
999
_c
44018
_d
44018